Medical Wellness : Wellnesskonzepte aus den USA in Deutschland

Salvato in:
Dettagli Bibliografici
Autore principale: Hermes, Kirsten (Autore)
Natura: Libro
Lingua:tedesco
Pubblicazione: Schwarzenbek : Rüdiger Martienss, 2005
Tags: Aggiungi Tag
Nessun Tag, puoi essere il primo ad aggiungerne!!

MARC

LEADER 00000nam a22000003a 4500
001 stu137636
005 20150617225919.0
008 070205s2005------------------------ger-d
020 |a 3-921757-36-3 
040 |a STU  |b slo 
041 0 |a ger 
100 1 |a Hermes, Kirsten  |4 aut 
245 1 |a Medical Wellness :  |b Wellnesskonzepte aus den USA in Deutschland 
260 |a Schwarzenbek :  |b Rüdiger Martienss,  |c 2005 
300 |a 73 s 
996 |b 284AU03420  |c A*5218  |l AA8180  |s P  |a 0  |w stu137636_0001